| 000 | 00664nam a2200169Ia 4500 | ||
|---|---|---|---|
| 003 | GCL | ||
| 008 | 140319s9999 xx 000 0 ara d | ||
| 040 |
_aGCL / _cGCL |
||
| 082 | 0 | 4 |
_aش ف _b791.43 _bا د |
| 100 | 1 | _aاحمد الاتربى | |
| 245 | 1 | 0 |
_aداليا وسمسم فى بلاد العجائب (شرائط فيديو) : _bمغامرات .. طرائف .. غرائب.. عجائب / _cاحمد الاتربى |
| 260 |
_aالقاهرة : _bحورس للفيديو والسينما ، _c1990 |
||
| 300 |
_a1 شريط: _bلو ؛ _c1\2 بوصة |
||
| 650 | 0 | 4 | _aالفيديو، أشرطة |
| 650 | 0 | 4 | _aالتسجيلات المرئية |
| 942 |
_2ddc _cVM |
||
| 999 |
_c33921 _d33921 |
||